=LDR 00000nam 2200000 4500 =001 INLIS000000000008018 =005 20130612095930 =008 ***********************************Ind** =035 ##$$0010-061300000008018 =041 ##$$a Ind =082 ##$$a F Rom D =090 ##$$a F Rom D, Gou s =100 ##$$a Goudge, Eilen =245 ##$$a Who Killed Peggy Sue = Siapa pembunuh Peggy Sue, Persaingan maut, Eilen Goudge =260 ##$$a 1994 $b Jakarta =300 ##$$a 165 hlm, 21 cm =650 ##$$a Fiksi Dewasa-terjemahan